| 000 | 00857cam a2200301 i 4500 | ||
|---|---|---|---|
| 001 | 768714001 | ||
| 003 | CO-MdFUSB | ||
| 005 | 20241204092308.0 | ||
| 007 | ta | ||
| 008 | 241204t1950 -us||||| |||| 00| 0 sp d | ||
| 040 | _cCO-MdFUSB | ||
| 041 | 0 | _aspa | |
| 082 | 0 | 4 |
_223 _aG 236.1 _bM8751t |
| 100 | 1 |
_aMorris, Leon _eautor |
|
| 245 | 1 | 0 |
_aEl salario del pecado _c/ Leon Morris ; traducido por José Grau |
| 264 | 1 |
_aBarcelona, España : _bEdiciones Evangélicas Europeas, _c[1950] |
|
| 264 | 4 | _c©1950 | |
| 300 | _a58 páginas | ||
| 336 |
_atexto _btxt _2rdacontent |
||
| 337 |
_2rdamedia _asin mediación _bn |
||
| 338 |
_2rdacarrier _avolumen _bnc |
||
| 500 | _aTitulo original : Tha wages of sin | ||
| 563 | _aRustico | ||
| 653 | _ahamartologia | ||
| 700 |
_aGrau, José _d1931-2014 _94696 _etraductor |
||
| 942 | _cBK | ||
| 945 | _aMiguel | ||
| 999 |
_c35910 _d35910 |
||